Barney (Record no. 14900)

MARC details
000 -LEADER
fixed length control field 01480nam a22003017a 4500
003 - CONTROL NUMBER IDENTIFIER
control field dpl
005 - DATE AND TIME OF LATEST TRANSACTION
control field 20080819102420.0
007 - PHYSICAL DESCRIPTION FIXED FIELD--GENERAL INFORMATION
fixed length control field DVD
008 - FIXED-LENGTH DATA ELEMENTS--GENERAL INFORMATION
fixed length control field ||||||sp199 xxu|||||c|||| 00| 0 eng d
010 ## - LIBRARY OF CONGRESS CONTROL NUMBER
LC control number DVD-000135-137
024 ## - OTHER STANDARD IDENTIFIER
Standard number or code 1085
Terms of availability 299.00
040 ## - CATALOGING SOURCE
Original cataloging agency DPL
082 ## - DEWEY DECIMAL CLASSIFICATION NUMBER
Classification number DVD / BAR
245 ## - TITLE STATEMENT
Title Barney
Medium [videorecording] DVD/
Remainder of title read withme dance with me
246 ## - VARYING FORM OF TITLE
Title proper/short title .
260 ## - PUBLICATION, DISTRIBUTION, ETC. (IMPRINT)
Place of publication, distribution, etc L.P:
Name of publisher, distributor, etc Lyons Partnership,
Date of publication, distribution, etc c2005.
300 ## - PHYSICAL DESCRIPTION
Extent 1 videodisc DVD; (70 min.)
Other physical details sd., col. ;
Dimensions 4 3/4 in.
Type of unit DVD
500 ## - GENERAL NOTE
General note High Style Disney Animation
500 ## - GENERAL NOTE
General note Sole Distributor in India M/s. Excel Productions Autio Visuals Pvt. Ltd.
538 ## - SYSTEM DETAILS NOTE
System details note Dolby Digital 5.1-English Subtitles: English, Chienese, Korean , Bahasa
538 ## - SYSTEM DETAILS NOTE
System details note Aspect Ratio: 1.33:1, Presentation type: Full Screne, Presentation Size 4x3, Format DVD 9- Dual Layer Single Sided Disc.
650 ## - SUBJECT ADDED ENTRY--TOPICAL TERM
Topical term or geographic name as entry element Animation Picture
942 ## - ADDED ENTRY ELEMENTS (KOHA)
Source of classification or shelving scheme Dewey Decimal Classification
Koha item type CD-ROMs, DVDs, VHS
Classification part DVD
Call number suffix BAR
Holdings
Withdrawn status Lost status Source of classification or shelving scheme Damaged status Not for loan Home library Current library Date acquired Cost, normal purchase price Total Checkouts Full call number Barcode Date last seen Date checked out Copy number Cost, replacement price Price effective from Koha item type
    Dewey Decimal Classification     Central Library Central Library 19/08/2008 299.00 3 DVD BAR DVD-000135 01/10/2009 14/09/2009 1 299.00 15/09/2008 CD-ROMs, DVDs, VHS
    Dewey Decimal Classification     Patel Nagar Patel Nagar 19/08/2008 299.00 8 DVD BAR DVD-000137 05/01/2013 22/12/2012 1 299.00 15/09/2008 CD-ROMs, DVDs, VHS
    Dewey Decimal Classification     Sarojini Nagar Sarojini Nagar 19/08/2008 299.00 11 DVD BAR DVD-000136 27/06/2012 12/06/2012 1 299.00 15/09/2008 CD-ROMs, DVDs, VHS

© Delhi Public Library
Hit Counter
free hit counter